<?xml version="1.0" encoding="UTF-8"?>
<record
    xmlns:xsi="http://www.w3.org/2001/XMLSchema-instance"
    xsi:schemaLocation="http://www.loc.gov/MARC21/slim http://www.loc.gov/standards/marcxml/schema/MARC21slim.xsd"
    xmlns="http://www.loc.gov/MARC21/slim">

  <leader>00618nam a22001817a 4500</leader>
  <controlfield tag="003">UA-OsUOA</controlfield>
  <controlfield tag="001"> 15435 </controlfield>
  <controlfield tag="007">ta</controlfield>
  <controlfield tag="008">20031111b un ||||| |||| 00| 0 ukr d</controlfield>
  <datafield tag="100" ind1=" " ind2=" ">
    <subfield code="a">&#x41C;&#x456;&#x43D;&#x456;&#x447; &#x41D;.</subfield>
  </datafield>
  <datafield tag="942" ind1=" " ind2=" ">
    <subfield code="c">SA</subfield>
  </datafield>
  <datafield tag="040" ind1=" " ind2=" ">
    <subfield code="a">UA-OsUOA</subfield>
    <subfield code="c">UA-OsUOA</subfield>
    <subfield code="d">UA-OsUOA</subfield>
  </datafield>
  <datafield tag="245" ind1=" " ind2=" ">
    <subfield code="a">&#x429;&#x43E; &#x43F;&#x43E;&#x442;&#x440;&#x456;&#x431;&#x43D;&#x43E;-&#x43F;&#x440;&#x438;&#x434;&#x431;&#x430;&#x454;&#x442;&#x435; &#x43D;&#x430; &#x431;&#x430;&#x437;&#x456;</subfield>
    <subfield code="b">[&#x41F;&#x440;&#x43E; &#x421;&#x430;&#x440;&#x43D;&#x435;&#x43D;. &#x442;&#x43E;&#x440;&#x433;. &#x431;&#x430;&#x437;&#x443; "&#x41E;&#x431;&#x43B;&#x43A;&#x43E;&#x43E;&#x43F;&#x43B;&#x456;&#x441;&#x431;&#x443;&#x434;&#x442;&#x43E;&#x440;&#x433;&#x443;"]</subfield>
  </datafield>
  <datafield tag="300" ind1=" " ind2=" ">
    <subfield code="a">&#x421;.1,2</subfield>
  </datafield>
  <datafield tag="955" ind1=" " ind2=" ">
    <subfield code="a">0</subfield>
  </datafield>
  <datafield tag="773" ind1="0" ind2=" ">
    <subfield code="w">0</subfield>
    <subfield code="t">&#x420;&#x456;&#x432;&#x43D;&#x435;&#x43D;&#x441;&#x44C;&#x43A;&#x438;&#x439; &#x43A;&#x43E;&#x43E;&#x43F;&#x435;&#x440;&#x430;&#x442;&#x43E;&#x440;</subfield>
    <subfield code="d">&#x420;&#x456;&#x432;&#x43D;&#x435;</subfield>
    <subfield code="d">2003</subfield>
    <subfield code="g">&#x2116;35*/26 &#x432;&#x435;&#x440;&#x435;&#x441;./</subfield>
  </datafield>
  <datafield tag="650" ind1=" " ind2="7">
    <subfield code="a">&#x41A;&#x440;&#x430;&#x454;&#x437;&#x43D;&#x430;&#x432;&#x447;&#x430; &#x440;&#x43E;&#x431;&#x43E;&#x442;&#x430;</subfield>
    <subfield code="2">UDC</subfield>
  </datafield>
  <datafield tag="999" ind1=" " ind2=" ">
    <subfield code="c">301600</subfield>
    <subfield code="d">301600</subfield>
  </datafield>
</record>
